Diseño de un Nodo ROS para la estabilización digital de imágenes basado en transformaciones proyectivas

Guardat en:
Dades bibliogràfiques
Autor principal: Zúñiga Mora, Michael
Altres autors: Martínez Castillo, Geovanni Arturo , 1965- Director del Proyecto Eléctrico
Format: Llibre
Idioma:Spanish
Publicat: [San José], Costa Rica 2015
Matèries:
Etiquetes: Afegir etiqueta
Sense etiquetes, Sigues el primer a etiquetar aquest registre!

MARC

LEADER 00000nam a22000007a 4500
003 012392
005 20230914145405.0
008 160706b2015 cr a|||| |||| 00| ||spa d
040 |c cru CEDI  
090 |a TFG 7550 
100 |9 5173  |a Zúñiga Mora, Michael 
245 |a Diseño de un Nodo ROS para la estabilización digital de imágenes basado en transformaciones proyectivas  
260 |a  [San José], Costa Rica  |c 2015 
300 |a xi,63 hojas; ilustraciones  
500 |a Proyecto de graduación (bachillerato en ingeniería eléctrica)--Universidad de Costa Rica. Facultad de Ingeniería. Escuela de Ingeniería Eléctrica 
501 |a Profesor Guía de IE-0499 Proyecto Eléctrico: Dr. Geovanni Martínez Castillo 
650 |x ROBOTICA   |x ROBOTS   |x VIDEO DIGITAL   |x IMAGENES DIGITALES   |x GEOMETRIA PROYECTIVA  |9 5174 
700 |9 1063  |a Martínez Castillo, Geovanni Arturo , 1965-  |d Director del Proyecto Eléctrico  
942 |c CEDI 
999 |c 16973  |d 16973